Statistiken für Pokémon Attacken-Quiz (Gen. 1)

Klicken Sie hier um das Quiz zu spielen!

Allgemein

  • Dieses Quiz wurde 1.431 mal gespielt
  • Das Durchschnittsergebnis liegt bei 69 aus 165

Antwortstatistiken

TypAttacke% Korrekt
ElektroDonner
91%
BodenErdbeben
88%
FlugFliegen
86%
NormalTackle
85%
FeuerGlut
84%
WasserSurfer
84%
ElektroDonnerblitz
82%
EisEisstrahl
82%
WasserAquaknarre
80%
FeuerFlammenwurf
80%
PsychoPsychokinese
80%
ElektroDonnerschock
73%
DracheDrachenwut
73%
EisBlizzard
72%
BodenSchaufler
72%
PflanzeRankenhieb
68%
GesteinSteinwurf
68%
WasserBlubber
67%
ElektroDonnerwelle
67%
FeuerFeuersturm
67%
FlugFlügelschlag
67%
NormalBlitz
66%
WasserHydropumpe
66%
NormalHeuler
65%
PflanzeRasierblatt
65%
NormalZerschneider
64%
WasserBlubbstrahl
62%
NormalKratzer
62%
ElektroDonnerschlag
61%
GiftGiftstachel
61%
PsychoHypnose
61%
PflanzeSchlafpuder
61%
GesteinSteinhagel
61%
GiftGiftpuder
60%
FlugSchnabel
60%
PsychoPsystrahl
59%
GiftToxin
59%
FeuerFeuerschlag
58%
NormalHyperstrahl
58%
PsychoKonfusion
58%
FeuerFeuerwirbel
57%
KampfKarateschlag
57%
NormalRuckzuckhieb
57%
NormalRutenschlag
55%
NormalSandwirbel
55%
PflanzeSolarstrahl
55%
NormalStärke
55%
NormalBiss
54%
EisEishieb
54%
KäferFadenschuss
54%
NormalBodyslam
53%
GeistSchlecker
53%
NormalSilberblick
53%
NormalHärtner
52%
PflanzeMegasauger
50%
NormalWindstoß
50%
PflanzeStachelspore
49%
PflanzeAbsorber
48%
NormalBodycheck
48%
KampfGeowurf
48%
PflanzeEgelsamen
47%
WasserKaskade
47%
NormalMegahieb
47%
EisAurorastrahl
45%
BodenGeofissur
44%
NormalSchlitzer
44%
PsychoTraumfresser
44%
NormalMegakick
43%
NormalRisikotackle
43%
GeistNachtnebel
42%
NormalWickel
42%
KampfFußkick
41%
GeistKonfustrahl
41%
KampfTurmkick
41%
KäferBlutsauger
39%
KampfDoppelkick
39%
PsychoErholung
39%
NormalPlatscher
39%
FlugBohrschnabel
38%
EisWeißnebel
38%
PsychoAgilität
37%
NormalGesang
37%
NormalKratzfurie
37%
PsychoPsywelle
37%
NormalWirbelwind
37%
NormalHornbohrer
36%
NormalPfund
36%
NormalEinigler
35%
NormalFinale
35%
WasserPanzerschutz
35%
NormalSlam
35%
GiftSmog
35%
NormalExplosion
34%
NormalKlammer
34%
GiftSchlammbad
34%
PsychoAmnesie
33%
NormalDoppelteam
33%
EisDunkelnebel
33%
GiftSäure
33%
NormalSuperschall
33%
PsychoTeleport
33%
NormalHornattacke
32%
NormalFurienschlag
31%
FlugHimmelsfeger
31%
NormalHyperzahn
31%
PsychoLichtschild
31%
NormalMetronom
31%
KäferDuonadel
30%
NormalGenesung
30%
NormalKreideschrei
30%
PsychoReflektor
30%
GiftGiftwolke
29%
NormalStampfer
29%
PflanzeBlättertanz
28%
NormalDuplexhieb
28%
NormalGeduld
28%
NormalKlammergriff
28%
KampfÜberroller
28%
NormalWandler
28%
PsychoBarriere
27%
NormalBrüller
27%
NormalGiftblick
27%
NormalKopfnuss
27%
NormalSchwerttanz
27%
NormalSuperzahn
27%
KäferNadelrakete
26%
NormalRaserei
26%
NormalSchädelwumme
26%
NormalUltraschall
26%
BodenKnochmerang
25%
KampfKonter
25%
PflanzePilzspore
25%
FlugSpiegeltrick
25%
NormalZahltag
25%
KampfFegekick
24%
KampfSprungkick
24%
NormalEierbombe
23%
BodenKnochenkeule
23%
NormalSternschauer
23%
NormalTriplette
23%
NormalWeichei
23%
NormalKomprimator
22%
NormalMimikry
22%
NormalUmklammerung
22%
NormalDelegator
21%
NormalGuillotine
21%
WasserKrabbhammer
21%
PsychoPsykraft
21%
NormalRauchwolke
20%
GiftSäurepanzer
20%
WasserSchnapper
20%
NormalFuchtler
19%
NormalVerzweifler
19%
NormalAussetzer
18%
NormalEnergiefokus
18%
NormalWachstum
18%
NormalKometenhieb
17%
NormalStakkato
17%
NormalTodeskuss
17%
NormalUmwandlung
17%
NormalKlingensturm
16%
PsychoMeditation
16%
NormalSchärfer
13%
NormalDornkanone
12%
NormalIrrschlag
11%

Verteilung der Resultate

Perzentil nach korrekt beantworteten Fragen

Anzahl Personen mit jedem Resultat

Ihre Resultats-Entwicklung

Sie haben dieses Quiz noch nicht gespielt